Les noms des établissements scolaires en France - 1 - Statistiques

Statistiques générales
  • Ce quiz a été pris 42 fois
  • Le résultat moyen est 24 sur 51
Statistiques - réponses
Nombre Dates Indices Nom % Correct
260 1412-1431 Chef de guerre - Pucelle - Sainte Jeanne d'{Arc}
97%
31 1452-1519 Italien - Artiste peintre - Inventeur Léonard de {Vinci}
94%
26 1623-1662 Polymathe - Inventeur - Les Provinciales Blaise {Pascal}
91%
26 1622-1673 Dramaturge - Illustre théâtre - L'Avare Jean-Baptiste Poquelin dit {Molière}
88%
313 1621-1695 Ecrivain - Fabuliste - Académicien Jean de {La Fontaine}
88%
17 1756-1791 Autrichien - Compositeur - Les noces de Figaro Wolfgang Amadeus {Mozart}
85%
9 1553-1610 Roi - Navarre - Assassiné {Henri} IV
82%
8 1522-1560 Poète - Pléiade - Les Regrets Joachim du {Bellay}
79%
15 1748-1793 Femme de lettres - Femme politique - Guillotinée Marie Gouze dite Olympe de {Gouges}
79%
23 1483-1553 Ecrivain - Médecin - Gargantua François {Rabelais}
76%
53 1712-1778 Suisse - Ecrivain - Julie ou la Nouvelle Héloïse Jean-Jacques {Rousseau}
76%
13 1606-1684 Dramaturge - Le Cid - Académicien Pierre {Corneille}
76%
51 1694-1778 Ecrivain - Encyclopédiste - Zadig François-Marie Arouet dit {Voltaire}
74%
31 1596-1650 Mathématicien - Philosophe - Cogito ergo sum René {Descartes}
74%
36 1713-1784 Ecrivain - Philosophe - Le neveau de Rameau Denis {Diderot}
68%
8 1181-1226 Religieux - Saint François d'{Assise}
65%
12 1564-1642 Physicien - Astronome - Héliocentrisme Galileo {Galilée}
65%
6 1477-1514 Duchesse - Reine - Charles VIII - Louis XII Anne de {Bretagne}
62%
10 1737-1813 Agronome - Pomme-de-terre Antoine {Parmentier}
62%
9 1400-1468 Allemand - Imprimeur - Bible Johannes {Gutenberg}
62%
10 1491-1557 Navigateur - Canada Jacques {Cartier}
59%
14 1639-1699 Dramaturge - Andromaque - Académicien Jean {Racine}
59%
5 1613-1700 Jardinier - Versailles André {Le Nôtre}
56%
7 1188-1252 Reine de France - Mère de saint Blanche de {Castille}
56%
9 1473-1543 Médecin - Mathématicien - Héliocentrisme Nicolas {Copernic}
56%
6 1509-1590 Médecin - Anatomiste Ambroise {Paré}
53%
129 1628-1703 Ecrivain - Contes de ma mère l'Oye - Académicien Charles {Perrault}
53%
20 1743-1794 Chimiste - Philosophe - Guillotiné Antoine de {Lavoisier}
50%
28 1533-1592 Ecrivain - La Boétie - Essais Michel de {Montaigne}
47%
12 1431-après 1463 Poète - Exilé François {Villon}
38%
11 1645-1696 Ecrivain - Les Caractères - Académicien Jean de {La Bruyère}
38%
9 1689-1755 Philosophe - Baron - Lettres persanes Charles de {Montesquieu}
35%
9 1581-1660 Religieux - Fondateur des Filles de la Charité Vincent de {Paul}
29%
5 1619-1683 Ministre - Louis XIV Jean-Baptiste {Colbert}
24%
7 1635-1719 Maîtresse royale - Saint-Cyr Françoise de {Maintenon}
21%
19 1707-1788 Naturaliste - Histoire naturelle - Académicien Georges de {Buffon}
21%
5 1636-1711 Poète - L'art poétique - Académicien Nicolas {Boileau}
21%
14 1651-1715 Prélat - Cygne de Cambrai - Les aventures de Télémaque François {Fenelon}
18%
6 1627-1704 Prélat - Aigle de Meaux Jacques-Bénigne {Bossuet}
18%
5 1753-1823 Mathématicien - Officier Lazare {Carnot}
18%
76 1743-1794 Mathématicien - Philosophe - Académicien Antoine de {Condorcet}
15%
23 1651-1719 Religieux - Fondateur des Frères des écoles chrétiennes - Saint Jean-Baptiste de {La Salle}
15%
8 1753-1800 Général - Assassiné Jean-Baptiste {Kléber}
15%
9 1475-1524 Chevalier - Guerres d'Italie - François 1er Pierre de {Bayard}
15%
5 1347-1380 Sainte - Docteur de l'Eglise Catherine de {Sienne}
12%
5 1598-1666 Architecte - Val-de-Grâce François {Mansart}
9%
6 1749-1791 Ecrivain - L'orateur du peuple Honoré de {Mirabeau}
9%
14 1750-1794 Ecrivain - Homme politique - Guillotiné Philippe Fabre dit {Fabre d'Eglantine}
9%
14 1755-1794 Ecrivain - Fabuliste - Académicien Jean-Pierre Claris de {Florian}
6%
7 1559-1941 Maréchal de France - Baron Maximilien de {Béthune} dit Sully
6%
9 1568-1591 Etudiant jésuite - Peste - Saint Louis de {Gonzague}
0%
Aucun quiz correspondant
Distribution des résultats
% des personnes avec chaque résultat
Percentile par nombre de réponses
Votre historique - résultats
Vous n’avez pas pris ce quiz